|
|
|
|
| LEADER |
02167nam a2200493 4500 |
| 001 |
ocn846590648 |
| 003 |
OCoLC |
| 005 |
20170124070153.3 |
| 006 |
m o d |
| 007 |
cr cnu|||unuuu |
| 008 |
130604s2013 enk ob 001 0 eng d |
| 040 |
|
|
|a DG1
|b eng
|c DG1
|d CUS
|d YDXCP
|d OCLCF
|d OCLCQ
|d GrThAP
|
| 020 |
|
|
|a 9781118579916
|q (electronic bk.)
|
| 020 |
|
|
|a 1118579917
|q (electronic bk.)
|
| 029 |
1 |
|
|a AU@
|b 000051629037
|
| 029 |
1 |
|
|a CHBIS
|b 010026635
|
| 029 |
1 |
|
|a CHVBK
|b 306235749
|
| 029 |
1 |
|
|a DEBBG
|b BV043395978
|
| 029 |
1 |
|
|a GBVCP
|b 790208156
|
| 029 |
1 |
|
|a NZ1
|b 15341691
|
| 035 |
|
|
|a (OCoLC)846590648
|
| 050 |
|
4 |
|a QA76.9.A25
|
| 082 |
0 |
4 |
|a 005.8
|2 23
|
| 049 |
|
|
|a MAIN
|
| 100 |
1 |
|
|a Boulanger, Jean-Louis.
|
| 245 |
1 |
0 |
|a Safety management for software-based equipment /
|c Jean-Louis Boulanger.
|
| 264 |
|
1 |
|a London :
|b ISTE, Ltd. ;
|c [2013]
|
| 264 |
|
1 |
|a Hoboken :
|b John Wiley & Sons,
|c [2013]
|
| 264 |
|
4 |
|c ©2013
|
| 300 |
|
|
|a 1 online resource.
|
| 336 |
|
|
|a text
|b txt
|2 rdacontent
|
| 337 |
|
|
|a computer
|b c
|2 rdamedia
|
| 338 |
|
|
|a online resource
|b cr
|2 rdacarrier
|
| 490 |
1 |
|
|a Focus series in computer engineering and IT
|
| 505 |
0 |
|
|a Safety Management / Jean-Louis Boulanger -- From System to Software / Jean-Louis Boulanger -- Certifiable Systems / Jean-Louis Boulanger -- Risk and Safety Levels / Jean-Louis Boulanger -- Principles of Hardware Safety / Jean-Louis Boulanger -- Principles of Software Safety / Jean-Louis Boulanger -- Certification / Jean-Louis Boulanger.
|
| 504 |
|
|
|a Includes bibliographical references and index.
|
| 588 |
0 |
|
|a Online resource; title from home title page (Wiley, viewed on June 4, 2013).
|
| 650 |
|
0 |
|a Computer security.
|
| 650 |
|
7 |
|a Computer security.
|2 fast
|0 (OCoLC)fst00872484
|
| 655 |
|
4 |
|a Electronic books.
|
| 776 |
0 |
8 |
|i Print version:
|a Boulanger, Jean-Louis.
|t Safety management for software-based equipment.
|d London : ISTE Ltd ; Hoboken, NJ : John Wiley & Sons, Inc., 2013
|z 9781848214521
|w (DLC) 2012955536
|w (OCoLC)846704089
|
| 830 |
|
0 |
|a Focus series in computer engineering and IT.
|
| 856 |
4 |
0 |
|u https://doi.org/10.1002/9781118579916
|z Full Text via HEAL-Link
|
| 994 |
|
|
|a 92
|b DG1
|